[Event "Buga-ch"]
[Site "Buga"]
[Date "2009.11.27"]
[Round "2.2"]
[White "Ospina, Weimar Andres"]
[Black "Herrera, Jorge"]
[Result "0-1"]
[WhiteElo "1637"]
[BlackElo "1816"]
[PlyCount "60"]
[EventDate "2009.11.27"]
[EventType "swiss"]
[EventRounds "9"]
[EventCountry "COL"]
[SourceTitle "EXT 2024"]
[Source "ChessBase"]
[SourceDate "2023.10.10"]
[SourceVersion "1"]
[SourceVersionDate "2023.10.10"]
[SourceQuality "1"]

1. e4 c6 2. Nc3 d5 3. Nf3 dxe4 4. Nxe4 Nd7 5. d4 Ngf6 6. Ng3 e6 7. Bd3 Bd6 8. 0-0 0-0 9. Re1 Qc7 10. Qe2 b6 11. Ne5 Bb7 12. Nh5 Rfe8 13. Nxd7 Qxd7 14. Nxf6+ gxf6 15. Qf3 f5 16. Bg5 Be7 17. Bf4 Bf6 18. Rad1 Kh8 19. Be5 Bxe5 20. dxe5 Qe7 21. Qf4 Rg8 22. Be2 c5 23. f3 Rad8 24. Rd6 Rxd6 25. exd6 Qf6 26. Rd1 e5 27. Qe3 Rd8 28. Qd2 e4 29. fxe4 fxe4 30. Rf1 Rxd6 0-1